Bezpečnostná analýza rúrového reaktora
Saved in:
| Main Author: | |
|---|---|
| Format: | Book |
| Language: | Slovak |
| Published: |
Bratislava
STU FCHPT
2008
|
| Online Access: | View in OPAC |
| Tags: |
No Tags, Be the first to tag this record!
|
MARC
| LEADER | 00000cam a22000008a 4500 | ||
|---|---|---|---|
| 005 | 20260127134256.0 | ||
| 008 | 081022s2008 xo b 0|0 0 slo | ||
| 035 | |a vtls009351511 | ||
| 039 | 9 | |a 200810220902 |b mschk03 |y 200810220849 |z mschk03 | |
| 040 | |a STUSCHK1 |b slo |c STUSCHK1 | ||
| 100 | 0 | |a Labovský, Juraj | |
| 245 | 0 | 0 | |a Bezpečnostná analýza rúrového reaktora |c Juraj Labovský |
| 260 | |a Bratislava |b STU FCHPT |c 2008 | ||
| 300 | |a 116 s. |b il. |c 30 cm. | ||
| 500 | |a Obháj.: 19.6. 2008 | ||
| 500 | |a Ústav chemického a environmentálneho inžinierstva, Odd. chemického a biochemického inžinierstva | ||
| 910 | |a SCHK95 | ||
| 919 | |a 978-470-85094-7 | ||
| 999 | |c 8512 |d 8512 | ||